000 00801nam a22002537a 4500
001 7340
003 FISKH
005 20250710083906.0
008 250710b cb ||||| |||| 00| 0 eng d
020 _a9788120789272
040 _aFISKH
_beng
_cFISKH
_dFISKH
050 _aPZ7
082 _a 428
100 _aAnonymous
245 _aMy book on opposites :
_bMore than 35 pictures /
260 _aNew Delhi :
_bSterling,
_c2014.
300 _a6 unnumbered pages :
_bcolor illustrations ;
_c24 cm
520 _aA hands-on photo-book that introduces more than 35 common pairs of opposites using familiar objects and everyday scenarios.
521 8 _a100
_bLexile estimate
521 8 _aC
_bRaz-Plus
650 _aOpposites
_vVocabulary Building
942 _2ddc
_cBK
_n0
999 _c7340
_d7340